| 000 | 00815nac a22001931u 4500 | ||
|---|---|---|---|
| 008 | 100718s1959 ku|||||r||| 000 0 ara d | ||
| 082 |
_a185 _bر ش د _222 |
||
| 245 |
_aتلخيص الخطابة/ _c ابن رشد ؛ حققه وقدم له عبد الرحمن بدوي |
||
| 260 |
_a :بيروت _b ؛ دار القلم _aالكويت : _b ؛ وكالة المطبوعات _c1959 |
||
| 300 |
_a340 ص ; _c24 سم |
||
| 500 | _aيحتوي على كشاف بالأعلام | ||
| 511 | _aCatalogued by: Sara | ||
| 541 |
_aألف باء ؛ _cشراء ؛ |
||
| 600 |
_916506 _aأرسطو |
||
| 650 |
_aالفلسفة الغربية القديمة _915855 |
||
| 650 |
_aالأرسطية (فلسفة) _916505 |
||
| 700 |
_aبدوي،عبد الرحمن _916353 _eتحقيق وتقديم |
||
| 942 |
_cBB _k185 ر ش د _2ddc |
||
| 999 |
_c6785 _d6785 |
||